000 01543nam a22002417a 4500
999 _c57131
_d57131
003 Ge_BSU
005 20191122160218.0
008 191122s2011 ge ||||| |||| 00| 0 geo d
020 _a9789941416972
041 _ageo
080 _a1(430)(092 ნიცშე) ნ-75
100 _aნიცშე, ფრიდრიხ, 1844-1900.
_95541
245 _aრჩეული თხზულებები. ტ. 1 :
_bEcce Homo. როგორ ხდება ადამიანი ის, რაც ის არის /
_cფრიდრიხ ნიცშე ; გერმ. თარგმნა [წინათქმა და ბოლოთქმა დაურთო] გიორგი თავაძემ ; [ტომის რედ : თენგიზ ირემაძე, ლალი ზაქარაძე]
264 _aთბილისი :
_bნეკერი,
_c2011.
300 _a247 გვ.:
_c22 სმ.
500 _aდანართები: გვ. 122-181. შენიშვნ.: გვ. 182-226. სახელთა საძ.: გვ. 243-244.
653 _aგერმანული ფილოსოფია
653 _aფილოსოფია
700 _aთავაძე, გიორგი
_eმთარგმნელი
_92230
700 _aირემაძე, თენგიზ
_eტომის რედაქტორი
_92229
700 _aზაქარაძე, ლალი
_eტომის რედაქტორი
_92152
942 _2udc
_cBK